|
|
|
|
| LEADER |
00000nam a2200000 a 4500 |
| 001 |
vtls001275982 |
| 003 |
SK-MaSNL |
| 005 |
20260301004127.0 |
| 008 |
210928s1969 xr ob 0 100 cze |
| 035 |
|
|
|a SNK000227212
|
| 040 |
|
|
|a SNK
|b slo
|c SNK
|e AACR2
|
| 041 |
|
|
|a cze
|
| 044 |
|
|
|a xr
|c CZ
|
| 080 |
|
|
|a 940/990
|2 2001
|
| 080 |
|
|
|a (075.8)
|2 2001
|
| 245 |
0 |
|
|a Dějiny novověku 1
|c Za redakce Květy Mejdřické ; napsali Josef Haubelt, Miroslav Hroch, Zdeněk Jindra, Květa Mejdřická
|
| 250 |
|
|
|a 1. vyd.
|
| 260 |
|
|
|a Praha
|b Státní pedagogické nakladatelství
|c 1969
|
| 300 |
|
|
|a 326, [5] s.
|b Fotogr. Mp.
|c 24 cm
|
| 490 |
1 |
|
|a Světové dějiny
|v Sv. 4
|
| 650 |
0 |
7 |
|a dejiny
|2 SNKPH
|9 3825
|
| 650 |
0 |
7 |
|a novovek
|2 SNKPH
|9 4260
|
| 655 |
|
7 |
|a učebnice vysokých škôl
|2 SNKPH
|9 70191
|
| 700 |
1 |
|
|a Mejdřická, Květa,
|d 1920-2000
|4 aut
|4 red
|9 108687
|
| 700 |
1 |
|
|a Haubelt, Josef,
|d 1932-
|4 aut
|9 286486
|
| 700 |
1 |
|
|a Hroch, Miroslav,
|d 1932-
|4 aut
|9 262402
|
| 700 |
1 |
|
|a Jindra, Zdeněk,
|d 1931-2023
|4 aut
|9 232864
|
| 830 |
|
0 |
|a Světové dějiny
|9 285612
|
| 958 |
|
|
|a OND
|
| 999 |
|
|
|c 541268
|d 543198
|
| 952 |
|
|
|t P60, <04>, [BOOK], {604}
|a SNK
|b SNK
|y VYP
|7 0
|p 17A0038182
|o snkIC 45428/1 D1
|0 0
|1 1
|4 0
|d 1997-02-13
|l 0
|r 2005-01-02 00:00:00
|w 2026-02-23
|
| 952 |
|
|
|t P60, <04>, [BOOK], {604}
|a SNK
|b SNK
|y VYP
|7 0
|p 17A0051006
|o snkIC 45428
|0 0
|1 0
|4 0
|d 1997-02-27
|l 0
|r 2005-01-02 00:00:00
|w 2026-02-23
|